Score 0/16 Timer 03:00
0 Plays Today
Movie Missing Word % Correct
_____: Infinity WarAvengers
100%
_____ in Black: InternationalMen
97.5%
_____ TrekStar
97.5%
_____: RagnarokThor
97.5%
Snow _____ and the HuntsmanWhite
97.5%
Thor: The _____ WorldDark
95.1%
Avengers: _____Endgame
95.1%
Avengers: Age of _____Ultron
95.1%
Movie Missing Word % Correct
In the Heart _____ the SeaOf
93.8%
Star Trek _____ DarknessInto
92.6%
_____ Times at the El RoyaleBad
91.4%
The _____ in the WoodsCabin
91.4%
_____ DawnRed
86.4%
_____ and Silent Bob RebootJay
81.5%
A _____ GetawayPerfect
79%
The _____: Winter's WarHuntsman
74.1%
Remove Ads.
Support Sporcle.
Get the best of Sporcle when you Go Orange. This ad-free experience offers more features, more stats, and more fun while also helping to support Sporcle. Thank you for becoming a member.

You're not logged in!

Compare scores with friends on all Sporcle quizzes.
OR
Log In

Sporcle TV

Today on Sporcle TV


Watch our educational content, quiz creation guides, and fun videos on Sporcle TV.

Show Comments

Extras

Top Quizzes Today


Score Distribution

Paid Content

Your Account Isn't Verified!

In order to create a playlist on Sporcle, you need to verify the email address you used during registration. Go to your Sporcle Settings to finish the process.

Report this User

Report this user for behavior that violates our Community Guidelines.

Details: